1830 1311 1902 1263 1488 1801 1484 1041 1367 1943 1318 1359 1748 1466 1455 1845 1539 1712 1316 1932 1283 1855 1201 1142 1474 1158 1641 1264 1576 1387 1408 1315 1387 1387 1001 1509 1051 1051 1260 1822 1279 1526 1498 1310 1520 1104 1930 1875 1447 1019 1581 1733 1892 1885 1980 1886 1687 1180 1202 1259 1187 1651 1783 1433 1789 1678 1981 1002 1196 1024 1593 1435 1322 1465 1105 1247 1087 1409 1424 1099 1294 1583 1189 1148 1471 1562 1082 1344 1612 1930 1533 1010 1075 1491 1262 1713 1368 1832 1880 BCNSPRNW ULIB Ver.6.0+V

เปลี่ยนเป็นภาษาไทย

Change to English
 แสดงรายละเอียดบรรณานุกรม
  กลับหน้าหลัก

Brief Record : Get Marc (ISO 2709) : E-mail record : QR code < ปิดหน้าต่าง
LEADER : 00000nam 2200000uu 4500
001    13399111123
003     ULIB
008    110616s2542||||th 000 0 tha d
020    9748704386
050  4 BF449^bย564ท 2542
100 0  ยุดา รักไทย
245 10 เทคนิคการแก้ปัญหาและตัดสินใจ =^bProblem solving & decision making /^cยุดา รักไทย, ธนิกานต์ มาฆะศิรานนท์
246 31 Problem solving & decision making
250    พิมพ์ครั้งที่ 1
260    กรุงเทพฯ :^bเอ็กซเปอร์เน็ท,^c2542
300    137 หน้า ;^c21 ซม.
440  0 การพัฒนาผู้นำและองค์กร
650  7 การแก้ปัญหา
650  7 การตัดสินใจ
650  7 ผู้นำ
650  7 การบริหาร
700 0  ธนิกานต์ มาฆะศิรานนท์
945    ^p180^l0^i012590
945    ^p180^l0^i012589
945    ^p180^l0^i012588
945    ^p180^l0^i012586
945    ^p180^l0^i012587
995    ทศพร
999 ^a ใช้งานได้ทุกระบบ
รายการนี้ยังไม่มีแท็ก
คุณยังไม่ได้ล็อกอิน คุณสามารถมีกิจกรรมร่วมกับเว็บไซต์ได้ แต่ต้องล็อกอินก่อน ::
  ล็อกอิน

รายการสื่อสารสนเทศ

ลำดับที่ ประเภท เลขเรียก/บาร์โค้ด สถานที่ สถานะ
- ไม่พบข้อมูล -

รายการใกล้เคียง
    ผู้แต่ง [ยุดา รักไทย]

    หัวเรื่อง [การแก้ปัญหา]
    หัวเรื่อง [การตัดสินใจ]
    หัวเรื่อง [ผู้นำ]
    หัวเรื่อง [การบริหาร]

BibComment


ยังไม่เคยถูกคอมเมนท์

คอมเมนท์ทรัพยากรรายการนี้
  คอมเมนท์: เทคนิคการแก้ปัญหา..


 Copyright 2026. Bcnsprnw @Library